| 000 | 00840nas a2200277 4500 | ||
|---|---|---|---|
| 001 | BR2011000715 | ||
| 003 | BR-BrBNA | ||
| 005 | 20231205114434.0 | ||
| 007 | ta | ||
| 008 | 230509b bl.|||p| |||| 00| 00por d | ||
| 040 |
_aBR-BrBNA _bpor _cBiblioteca Nacional de Agricultura |
||
| 041 | _a(Pt) | ||
| 072 | _aF30 | ||
| 100 | 1 | _aLessa, L.S. | |
| 100 | 1 | _aLedo, C.A. da S. | |
| 100 | 1 | _aSantos, V. da S. | |
| 100 | 1 | _aSilva, S. de O. e | |
| 100 | 1 | _aPeixoto, C.P. | |
| 245 | 1 | _aSeleção de híbridos diplóides (IAA)de bananeira com base em três índices não paramétricos | |
| 650 | _aBANANA | ||
| 650 | _aVARIAÇÃO GENÉTICA | ||
| 650 | _aSELEÇÃO | ||
| 773 | 0 |
_tBragantia (Brazil) _xISSN 0006-8705 _g(Jul-Sep 2010), v. 69(3) p. 525-534 _wBR2011000715 |
|
| 909 |
_a202311 _bLúcia _c55 _dLúcia Elande |
||
| 942 |
_2AGRIS _n0 _cANA |
||
| 999 |
_c208783 _d208783 |
||